| 000 | 01133cab a22002415a 4500 | ||
|---|---|---|---|
| 001 | L158498 | ||
| 008 | 150324e2015 xxk 000 0 eng d | ||
| 020 | _a9781910337905 | ||
| 035 | _a(Sirsi) u158498 | ||
| 041 | 0 | _aeng | |
| 110 | 2 |
_aUnited Kingdom _bHM Treasury |
|
| 245 | 0 | 0 |
_aBusiness rates review _bTerms of reference and discussion paper _h[electronic resource] |
| 260 |
_aLondon _bHM Treasury _c2015 |
||
| 520 | _aSets out terms of reference for the Government's consultation on the future of business rates in England. Discusses the concept of business rates as a tax related to property values, looks at how business rates revenue is used and how it is raised and who pays them. | ||
| 520 | _aConsultation closes on 12 June 2015. The review will report its findings by Budget 2016. | ||
| 590 | _aKA | ||
| 650 | 2 | 4 | _aBUSINESS RATES |
| 650 | 2 | 4 | _aNON-DOMESTIC RATES |
| 651 | 4 |
_aEngland _y886- |
|
| 690 |
_aFinance & Taxation _96241 |
||
| 856 | 4 | 0 |
_uhttps://www.gov.uk/government/consultations/business-rates-review-terms-of-reference-and-discussion-paper _zView the item free of charge from the www.gov.uk |
| 942 | _n0 | ||
| 999 |
_c84611 _d84611 |
||